| 000 | 00519 a2200181 4500 | ||
|---|---|---|---|
| 003 | OSt | ||
| 005 | 20250610132351.0 | ||
| 008 | 250530b |||||||| |||| 00| 0 eng d | ||
| 020 | _a9789353502416 | ||
| 040 | _coclc | ||
| 082 |
_a658.4 _bDAF/U |
||
| 100 | 1 |
_aDaft, Richard L. _910523 |
|
| 245 |
_aUnderstanding the theory and design of organizations / _cRichard L Daft, |
||
| 250 | _a11e | ||
| 260 |
_bCengage, _c2020. |
||
| 300 | _a587 pages | ||
| 942 |
_2ddc _cBK _h658.4 _iDAF/U _k658.4 _mDAF/U |
||
| 999 |
_c44552 _d44552 |
||